Vidiek v demografickej klasifikácii a vývojových zmenách

Rozdielne kritériá na rozlíšenie vidieckej a meststkej obce. Demografická reprodukcia na slovenskom vidieku. Západné a stredné Slovensko vykazuje prirodzený úbytok obyvateľstva. Zdrojom reprodukcie obyvateľstva a zdrojom budúceho pracovného kontingentu sú oblasti východného a severného Slovenska. Me...

Description complète

Enregistré dans:
Détails bibliographiques
Auteur principal: Hrubý, Ján
Format: Chapitre de livre
Langue:slovaque
Sujets:
Tags: Ajouter un tag
Pas de tags, Soyez le premier à ajouter un tag!

MARC

LEADER 00000naa a2200000 4500
001 r034755
005 20230922111232.6
041 0 |a slo 
044 |a CZ 
245 1 0 |a Vidiek v demografickej klasifikácii a vývojových zmenách  |c J. Hrubý 
520 |a Rozdielne kritériá na rozlíšenie vidieckej a meststkej obce. Demografická reprodukcia na slovenskom vidieku. Západné a stredné Slovensko vykazuje prirodzený úbytok obyvateľstva. Zdrojom reprodukcie obyvateľstva a zdrojom budúceho pracovného kontingentu sú oblasti východného a severného Slovenska. Metodický postup pri hodnotení demografickej reprodukcie. 
610 2 0 |a vidiek 
610 2 0 |a obce 
610 2 0 |a mestá 
610 2 0 |a prírastok obyvateľstva 
610 2 0 |a demografia 
610 2 0 |a Slovensko 
610 2 0 |a úbytok obyvateľstva 
610 2 0 |a migrácia 
610 2 0 |a analýza regresná 
610 2 0 |a reprodukcia obyvateľstva 
100 1 |a Hrubý, Ján